Der schwarze Jäger, (Record no. 4612)

MARC details
000 -LEADER
fixed length control field 00528cam a22002051 4500
001 - CONTROL NUMBER
control field af 48001599
003 - CONTROL NUMBER IDENTIFIER
control field DLC
005 - DATE AND TIME OF LATEST TRANSACTION
control field 20260227110850.0
008 - FIXED-LENGTH DATA ELEMENTS--GENERAL INFORMATION
fixed length control field 890405s1942 gw 000 1 ger c
010 ## - LIBRARY OF CONGRESS CONTROL NUMBER
LC control number af 48001599
035 ## - SYSTEM CONTROL NUMBER
System control number (OCoLC)19500364
040 ## - CATALOGING SOURCE
Original cataloging agency California. Univ. Libr.
Transcribing agency CU
Modifying agency DLC
042 ## - AUTHENTICATION CODE
Authentication code premarc
050 00 - LIBRARY OF CONGRESS CALL NUMBER
Classification number PT2613.R5213
Item number S4
082 ## - DEWEY DECIMAL CLASSIFICATION NUMBER
Classification number 833.91
100 1# - MAIN ENTRY--PERSONAL NAME
Personal name Grimm, Heinrich,
Dates associated with a name 1893-
245 14 - TITLE STATEMENT
Title Der schwarze Jäger,
Remainder of title Roman.
260 ## - PUBLICATION, DISTRIBUTION, ETC.
Place of publication, distribution, etc. München,
Name of publisher, distributor, etc. F.C. Mayer,
Date of publication, distribution, etc. 1942.
300 ## - PHYSICAL DESCRIPTION
Extent 127 p.
Dimensions 20 cm.

No items available.

Powered by Koha